<?xml version="1.0" encoding="UTF-8"?>
<record
    xmlns:xsi="http://www.w3.org/2001/XMLSchema-instance"
    xsi:schemaLocation="http://www.loc.gov/MARC21/slim http://www.loc.gov/standards/marcxml/schema/MARC21slim.xsd"
    xmlns="http://www.loc.gov/MARC21/slim">

  <leader>01447nam a2200217 i 4500</leader>
  <controlfield tag="001">891</controlfield>
  <controlfield tag="003">KOSZ 005</controlfield>
  <controlfield tag="005">20191005120147.0</controlfield>
  <controlfield tag="008">141007s1988    pl     f     |000 0 pol</controlfield>
  <datafield tag="040" ind1=" " ind2=" ">
    <subfield code="c">BPK</subfield>
    <subfield code="d">KOSZ 005/EG</subfield>
  </datafield>
  <datafield tag="080" ind1=" " ind2=" ">
    <subfield code="a">628.3.034.2</subfield>
  </datafield>
  <datafield tag="100" ind1="1" ind2=" ">
    <subfield code="a">Piecuch, Tadeusz</subfield>
    <subfield code="e">Autor</subfield>
    <subfield code="d">1987 - 1996.</subfield>
    <subfield code="b">Wy&#x17C;sza Szko&#x142;a In&#x17C;ynierska w Koszalinie - Wydzia&#x142; In&#x17C;ynierii L&#x105;dowej i Sanitarnej,</subfield>
    <subfield code="c">Katedra Technologii Wody, &#x15A;ciek&#xF3;w i Odpad&#xF3;w</subfield>
  </datafield>
  <datafield tag="245" ind1="1" ind2="0">
    <subfield code="a">Sprawdzenie procesu utylizacji poszlifierskich szlam&#xF3;w zawieraj&#x105;cych proszki metali (wolfram, molibden) pochodz&#x105;cych z ZHMW POLAM Warszawa i ZNS VIS Koszalin pod k&#x105;tem wdro&#x17C;enia technologi :</subfield>
    <subfield code="b">praca Nr 12/POS/88 1988 r. Zlec. Przedsi&#x119;biorstwo Projektowo-Innowacyjno-Wdro&#x17C;eniowe BIOTECHNIKA Koszalin. Koordynator Centrum Podstawowych Problem&#xF3;w Gospodarki Surowcami Mineralnymi i Energi&#x105; PAN.</subfield>
    <subfield code="n">Cz.2,</subfield>
    <subfield code="p">Szlamy poprodukcyjne z ANS VIS Koszalin b&#x119;d&#x105;ce no&#x15B;nikiem stali wolframowo molibdenowej oraz proszk&#xF3;w materia&#x142;&#xF3;w &#x15B;ciernych /</subfield>
    <subfield code="c">Tadeusz Piecuch, Anna Anielak.</subfield>
  </datafield>
  <datafield tag="260" ind1=" " ind2=" ">
    <subfield code="c">1988.</subfield>
  </datafield>
  <datafield tag="500" ind1=" " ind2=" ">
    <subfield code="a">Dane z bibliografii za&#x142;&#x105;cznikowej.</subfield>
  </datafield>
  <datafield tag="650" ind1=" " ind2="0">
    <subfield code="a">&#x15A;cieki przemys&#x142;owe.</subfield>
  </datafield>
  <datafield tag="650" ind1=" " ind2="0">
    <subfield code="a">Odpady - gospodarka.</subfield>
  </datafield>
  <datafield tag="655" ind1=" " ind2="0">
    <subfield code="a">Raport z bada&#x144;</subfield>
  </datafield>
  <datafield tag="700" ind1="1" ind2=" ">
    <subfield code="a">ANIELAK, Anna Maria.</subfield>
    <subfield code="d">1988 - 1996.</subfield>
    <subfield code="b">Wy&#x17C;sza Szko&#x142;a In&#x17C;ynierska w Koszalinie - Wydzia&#x142; In&#x17C;ynierii L&#x105;dowej i Sanitarnej,</subfield>
    <subfield code="c">Zak&#x142;ad Technologii &#x15A;ciek&#xF3;w i Utylizacji Odpad&#xF3;w Przemys&#x142;owych</subfield>
  </datafield>
  <datafield tag="942" ind1=" " ind2=" ">
    <subfield code="c">MN</subfield>
    <subfield code="2">UKD</subfield>
  </datafield>
  <datafield tag="999" ind1=" " ind2=" ">
    <subfield code="c">891</subfield>
    <subfield code="d">891</subfield>
  </datafield>
  <datafield tag="952" ind1=" " ind2=" ">
    <subfield code="0">0</subfield>
    <subfield code="1">0</subfield>
    <subfield code="4">0</subfield>
    <subfield code="7">0</subfield>
    <subfield code="a">BPK</subfield>
    <subfield code="b">BPK</subfield>
    <subfield code="y">MN</subfield>
  </datafield>
</record>
